| 000 | 00661 a2200241 4500 | ||
|---|---|---|---|
| 001 | 61730 | ||
| 005 | 20260407155908.0 | ||
| 008 | 260407a1971 arg spa d | ||
| 003 | AR-UNSa-BCEJYS | ||
| 040 |
_aAR-UNSa-BCEJYS _bspa _cAR-UNSa-BCEJYS |
||
| 080 |
_a347 _xDerecho Civil |
||
| 245 | 1 | 0 |
_aReformas al Código Civil _pLey 17.711 - Comentada |
| 250 | _a2a. ed. | ||
| 264 | 1 |
_aBuenos Aires : _bVíctor P. de Zavalía _c1971 |
|
| 300 |
_a694 p. _c23 cm. |
||
| 041 | _aspa | ||
| 942 | _cBK | ||
| 590 | _aniveau_biblio:m niveau_hierar:0 | ||
| 100 | 1 | _aGarrido, Roque | |
| 700 | 1 | _aAndorno, Luis | |
| 650 | _aLey Nº 17.711 | ||
| 650 | _a ley nº 17 711 | ||
| 999 |
_c7382 _d7382 |
||